书目信息 |
| 题名: |
英美权威报刊选读
|
|
| 作者: | 徐齐平 , 徐明 , 薛琛 编著 | |
| 分册: | ||
| 出版信息: | 南京 南京大学出版社 2006.09 |
|
| 页数: | 283页 | |
| 开本: | 26cm | |
| 丛书名: | ||
| 单 册: | ||
| 中图分类: | H319.4 | |
| 科图分类: | ||
| 主题词: | 英语--ying yu--阅读教学--高等学校--自学参考资料 | |
| 电子资源: | ||
| ISBN: | 7-305-04797-X | |
| 000 | 00853nam0 2200241 450 | |
| 001 | 012006987297 | |
| 005 | 20061220105941.37 | |
| 010 | @a7-305-04797-X@dCNY29.80 | |
| 100 | @a20061129d2006 km y0chiy0120 ea | |
| 101 | 0 | @achi@aeng |
| 102 | @aCN@b320000 | |
| 105 | @ay z 000yy | |
| 200 | 1 | @a英美权威报刊选读@Aying mei quan wei bao kan xuan du@f薛琛, 徐齐平, 徐明编著@Fxue chen,xu qi ping,xu ming bian zhu |
| 210 | @a南京@c南京大学出版社@d2006.09 | |
| 215 | @a283页@d26cm | |
| 330 | @a本书精选了八十余篇近期英美国家权威报刊的文章,分为政坛风云、名人轶事、科技之光、文化聚焦、人生启航等内容。 | |
| 606 | 0 | @a英语@Aying yu@x阅读教学@x高等学校@j自学参考资料 |
| 690 | @aH319.4@v4 | |
| 701 | 0 | @a徐齐平@Axu qi ping@4编著 |
| 701 | 0 | @a徐明@Axu ming@4编著 |
| 701 | 0 | @a薛琛@Axue chen@4编著 |
| 801 | 0 | @aCN@c20061220 |
| 905 | @a10447@dH319.4@eX943 | |
| 英美权威报刊选读/薛琛, 徐齐平, 徐明编著.-南京:南京大学出版社,2006.09 |
| 283页;26cm |
| ISBN 7-305-04797-X:CNY29.80 |
| 本书精选了八十余篇近期英美国家权威报刊的文章,分为政坛风云、名人轶事、科技之光、文化聚焦、人生启航等内容。 |
| ● |
| 相关链接 |
|
|
|
正题名:英美权威报刊选读
索取号:H319.4/X943
 
预约/预借
| 序号 | 登录号 | 条形码 | 馆藏地/架位号 | 状态 | 备注 |
| 1 | 229244 | 202292447 | 语言库209/209语言库 50排3列1层/ [索取号:H319.4/X943] | 在馆 | |
| 2 | 229245 | 202292456 | 语言库209/209语言库 50排3列1层/ [索取号:H319.4/X943] | 在馆 | |
| 3 | 229246 | 202292465 | 语言库209/209语言库 50排3列1层/ [索取号:H319.4/X943] | 在馆 |